[Event "EU-ch U10 Girls 27th"]
[Site "Mamaia"]
[Date "2017.09.11"]
[Round "6"]
[White "Kulish, Glafira"]
[Black "Mazilu, Xenia"]
[Result "1-0"]
[WhiteElo "1148"]
[BlackElo "1291"]
[PlyCount "121"]
[EventDate "2017.09.05"]
[EventType "swiss"]
[EventRounds "9"]
[EventCountry "ROU"]
[SourceTitle "CBM 180 Extra"]
[Source "ChessBase"]
[SourceDate "2017.10.06"]
[SourceVersion "1"]
[SourceVersionDate "2017.10.06"]
[SourceQuality "1"]

1. e4 e5 2. Nf3 Nc6 3. Bb5 a6 4. Ba4 Nf6 5. 0-0 b5 6. Bb3 Be7 7. d3 d6 8. c3 Bb7 9. Nbd2 Qd7 10. Re1 0-0 11. Nf1 Ne8 12. Ng3 g6 13. Bh6 Ng7 14. d4 Rad8 15. Qd2 Kh8 16. Rad1 Qc8 17. Ng5 Bxg5 18. Qxg5 f6 19. Qh4 Na5 20. Bc2 g5 21. Bxg7+ Kxg7 22. Qh5 Qe6 23. Nf5+ Kh8 24. d5 Qf7 25. Qh6 Qg6 26. Rd3 Bc8 27. Qxg6 hxg6 28. Rh3+ Kg8 29. Ne7+ Kg7 30. Nxc8 Rxc8 31. b4 Nc4 32. a4 Rh8 33. Rxh8 Kxh8 34. axb5 axb5 35. Ra1 Kg8 36. Ra2 Kf7 37. Bd3 Ke7 38. Bxc4 bxc4 39. Ra6 Rb8 40. Rc6 Kd7 41. Kf1 Rb6 42. Rxc4 Kc8 43. Rc6 Rxc6 44. dxc6 Kb8 45. b5 Ka7 46. Ke2 Kb6 47. c4 Kc5 48. Kd3 Kb6 49. Kc2 f5 50. f3 g4 51. exf5 gxf5 52. fxg4 fxg4 53. h4 gxh3 54. gxh3 d5 55. cxd5 Kxb5 56. Kd3 Kc5 57. Ke4 Kd6 58. h4 Ke7 59. Kxe5 Kf7 60. d6 cxd6+ 61. Kxd6 1-0

[Event "ROM-ch U10 Girls"]
[Site "Baile Felix"]
[Date "2017.02.07"]
[Round "7"]
[White "Mazilu, Xenia"]
[Black "Artene, Maria Alexandra"]
[Result "1-0"]
[WhiteElo "1210"]
[BlackElo "1241"]
[PlyCount "67"]
[EventDate "2017.02.02"]
[EventType "swiss"]
[EventRounds "9"]
[EventCountry "ROU"]
[SourceTitle "CBM 176 Extra"]
[Source "ChessBase"]
[SourceDate "2017.03.02"]
[SourceVersion "1"]
[SourceVersionDate "2017.03.02"]
[SourceQuality "1"]

1. d4 Nf6 2. Nf3 g6 3. Bf4 Bg7 4. e3 0-0 5. Be2 d6 6. Nbd2 b6 7. c3 Bb7 8. h3 Nbd7 9. g4 e5 10. dxe5 dxe5 11. Bg3 Ne8 12. h4 f5 13. g5 Nc5 14. h5 Ne4 15. Rh3 Nxg5 16. Nxg5 Qxg5 17. Bc4+ Kh8 18. Bh4 Qg2 19. Bf1 Qc6 20. Bg5 h6 21. a4 Qe6 22. Bc4 Bd5 23. Bxd5 Qxd5 24. hxg6 Qg2 25. Qh5 Nf6 26. Bxf6 Rxf6 27. Rg3 Qd5 28. Nf3 Re8 29. Ng5 f4 30. Nf7+ Kg8 31. Nxh6+ Bxh6 32. Qxh6 fxg3 33. Qh7+ Kf8 34. g7+ 1-0

[Event "ROM-ch U10 Girls"]
[Site "Calimanesti Caciulata"]
[Date "2016.04.24"]
[Round "8"]
[White "Chicarosie, Ioana Bianca"]
[Black "Mazilu, Xenia"]
[Result "1-0"]
[WhiteElo "1279"]
[BlackElo "1258"]
[PlyCount "51"]
[EventDate "2016.04.18"]
[EventType "swiss"]
[EventRounds "9"]
[EventCountry "ROU"]
[SourceTitle "CBM 172 Extra"]
[Source "ChessBase"]
[SourceDate "2016.06.21"]
[SourceVersion "1"]
[SourceVersionDate "2016.06.21"]
[SourceQuality "1"]

1. e4 e5 2. Nf3 Nc6 3. Bc4 Nf6 4. Ng5 Bc5 5. Nxf7 Bxf2+ 6. Kf1 Qe7 7. Nxh8 d5 8. exd5 Nd4 9. c3 Bg4 10. Qa4+ Nd7 11. Kxf2 Qh4+ 12. Kf1 0-0-0 13. Nf7 Rf8 14. d6 b5 15. Qa6+ Kb8 16. dxc7+ Kxc7 17. Qd6+ Kc8 18. Qc6+ Kb8 19. cxd4 bxc4 20. g3 Rxf7+ 21. Ke1 Qg5 22. Qb5+ Ka8 23. Qxc4 Rf5 24. d3 Qh5 25. Rf1 Nf6 26. Qc8# 1-0

[Event "ROM-ch U10 Girls"]
[Site "Calimanesti Caciulata"]
[Date "2016.04.21"]
[Round "4"]
[White "Mazilu, Xenia"]
[Black "Albota, Carolina Ana"]
[Result "1-0"]
[WhiteElo "1258"]
[BlackElo "1082"]
[PlyCount "97"]
[EventDate "2016.04.18"]
[EventType "swiss"]
[EventRounds "9"]
[EventCountry "ROU"]
[SourceTitle "CBM 172 Extra"]
[Source "ChessBase"]
[SourceDate "2016.06.21"]
[SourceVersion "1"]
[SourceVersionDate "2016.06.21"]
[SourceQuality "1"]

1. e4 e6 2. d4 d5 3. exd5 exd5 4. Bd3 Bd6 5. Qf3 Nf6 6. h3 Nc6 7. c3 0-0 8. Ne2 h6 9. 0-0 Re8 10. Bf4 Bxf4 11. Qxf4 Qd6 12. Qxd6 cxd6 13. Nd2 Ne4 14. Nf3 Bf5 15. Nh4 g6 16. Rad1 Re7 17. Nxf5 gxf5 18. f3 Nf6 19. Ng3 f4 20. Nf5 Ree8 21. Nxh6+ Kf8 22. Rfe1 Rxe1+ 23. Rxe1 Re8 24. Rxe8+ Kxe8 25. Nf5 Kd7 26. Bb5 a6 27. Bxc6+ Kxc6 28. Nh6 b5 29. b4 Kb6 30. Nxf7 Ne8 31. h4 a5 32. h5 axb4 33. cxb4 Kc6 34. h6 Nf6 35. Ng5 Kd7 36. h7 Nxh7 37. Nxh7 Ke7 38. Kh2 Ke6 39. g4 Kf7 40. Ng5+ Kf6 41. Nh3 Kf7 42. Nxf4 Kf6 43. Nxd5+ Kf7 44. f4 Kg7 45. f5 Kh6 46. Nc3 Kg5 47. Nxb5 Kf6 48. Nxd6 Ke7 49. Nc4 1-0